| Record ID | ia:vassiliverestcha02vereuoft |
| Source | Internet Archive |
| Download MARC XML | https://archive.org/download/vassiliverestcha02vereuoft/vassiliverestcha02vereuoft_marc.xml |
| Download MARC binary | https://www.archive.org/download/vassiliverestcha02vereuoft/vassiliverestcha02vereuoft_meta.mrc |
LEADER: 01347cam 22003013 4500
008 781130s1887 enk aengrc
035 $a(Sirsi) a1221776
035 $aEIR-503039
040 $aotu$beng
041 1 $aengund
043 $aa------$aa-ii---
045 $aw4x0
100 10 $aVereshchagin, Vasiliĭ Vasilʹevich,$d1842-1904
245 10 $aVassili Verestchagin, painter, soldier, traveller;$bautobiographical sketches,$ctr. from the German and the French by F.H. Peters. With illustrations after drawings by the author.
260 0 $aLondon,$bR. Bentley,$c1887.
300 $a2 v. :$bill.
503 $aTranslation of Skizzen und Erinnerungen, etc. Original text in Russian has title: ocherki, nabroski, vospominanii︠a︡.
530 $aDigitized and made available by: University of Toronto Libraries
651 0 $aAsia$xDescription and travel.
651 0 $aIndia$xDescription and travel.
856 41 $uhttp://link.library.utoronto.ca/eir/EIRdetail.cfm?Resources__ID=503039&T=F
948 $a07/15/1992$b04/19/1993
596 $a26 45
949 $aNA3690 [Online resource 503039]$wLC$lONLINE$mE_RESOURCE$tE_RESOURCE
039 $f//jc(oc)
926 $aROBARTS$bSTACKS$cDS8 .V47 1887 v.1$dBOOK$f1
926 $aROBARTS$bSTACKS$cDS8 .V47 1887 v.2$dBOOK$f1
926 $aE_RESOURCE$bONLINE$cNA3690 [Online resource 503039]$dE_RESOURCE$f1